000 00938 a2200229 4500
001 41105
005 20260407155704.0
008 260407a2007 arg spa d
003 AR-UNSa-BCEJYS
040 _aAR-UNSa-BCEJYS
_bspa
_cAR-UNSa-BCEJYS
080 _a347.65
_xDerecho de sucesiones. Derecho hereditario
245 1 0 _aDeclaratoria extrajudicial de herederos
_pla intervención notarial
020 _a978-950-894-659-1
264 1 _aBuenos Aires :
_bAD-HOC
_c2007
300 _a430 p.
_c23 cm.
505 _a1. Proceso sucesorio - 2. La trasmisión hereditaria - 3. Las actas notariales de notoriedad - 4. Participación hereditaria - 5. Derecho comparado - 6. Congresos y jornadas - 7. Proyectos nacionales
041 _aspa
942 _cBK
590 _aniveau_biblio:m niveau_hierar:0
100 1 _aZavala, Gastón A.
856 4 1 _uhttps://biblioeco.unsa.edu.ar/pmb/images/libros/L126370.jpg
_yImagen de portada
_qimage/jpeg
999 _c3373
_d3373